The Encyclopedian of air warfare (Record no. 125447)
[ view plain ]
| 000 -LEADER | |
|---|---|
| fixed length control field | 00575nam a22001577a 4500 |
| 008 - FIXED-LENGTH DATA ELEMENTS--GENERAL INFORMATION | |
| fixed length control field | 161007b xxu||||| |||| 00| 0 eng d |
| 050 ## - LIBRARY OF CONGRESS CALL NUMBER | |
| Classification number | REF UG628.C459 |
| 100 ## - MAIN ENTRY--PERSONAL NAME | |
| Personal name | Chant, Christopher ['et al'] |
| 9 (RLIN) | 26549 |
| 245 ## - TITLE STATEMENT | |
| Title | The Encyclopedian of air warfare |
| Statement of responsibility, etc | /Christopher,Chant ['et al'],edited by Iain Parsons |
| 260 ## - PUBLICATION, DISTRIBUTION, ETC. (IMPRINT) | |
| Place of publication, distribution, etc | London |
| Name of publisher, distributor, etc | Salamander Books |
| Date of publication, distribution, etc | 1977 |
| 300 ## - PHYSICAL DESCRIPTION | |
| Extent | 256p.; |
| Dimensions | 30cm. |
| 650 ## - SUBJECT ADDED ENTRY--TOPICAL TERM | |
| Topical term or geographic name as entry element | Air warfare |
| General subdivision | History |
| -- | Encyclopedias |
| Chronological subdivision | 20th century |
| 9 (RLIN) | 26550 |
| 650 ## - SUBJECT ADDED ENTRY--TOPICAL TERM | |
| Topical term or geographic name as entry element | Airplanes,military |
| General subdivision | Encyclopedias |
| 9 (RLIN) | 26551 |
| 710 ## - ADDED ENTRY--CORPORATE NAME | |
| Corporate name or jurisdiction name as entry element | Parsons, Iain |
| Relator term | ed. |
| 9 (RLIN) | 26552 |
| 942 ## - ADDED ENTRY ELEMENTS (KOHA) | |
| Source of classification or shelving scheme | Library of Congress Classification |
| Item type | Monograph ( Printed materials) |
| Withdrawn status | Lost status | Source of classification or shelving scheme | Damaged status | Not for loan | Collection code | Home library | Current library | Shelving location | Date acquired | Total Checkouts | Full call number | Barcode | Date last seen | Price effective from | Koha item type |
|---|---|---|---|---|---|---|---|---|---|---|---|---|---|---|---|
| Library of Congress Classification | Main Collection | ARRUPE LIBRARY | ARRUPE LIBRARY | Main Collection | 07/10/2016 | REF UG628.C459 | 46500010651 | 07/10/2016 | 07/10/2016 | REFERENCE |